<?xml version="1.0" encoding="UTF-8"?>
<record
    xmlns:xsi="http://www.w3.org/2001/XMLSchema-instance"
    xsi:schemaLocation="http://www.loc.gov/MARC21/slim http://www.loc.gov/standards/marcxml/schema/MARC21slim.xsd"
    xmlns="http://www.loc.gov/MARC21/slim">

  <leader>01003nam a2200229Ia 4500</leader>
  <controlfield tag="001">IA_6477,03/04/2017,03/04/2017,5232372017                          mx mndl8223123322spa16,"</controlfield>
  <controlfield tag="002">Aguascalientes</controlfield>
  <controlfield tag="008">220117salie    xx            000 0 und d</controlfield>
  <datafield tag="010" ind1=" " ind2=" ">
    <subfield code="a">186228</subfield>
  </datafield>
  <datafield tag="090" ind1=" " ind2=" ">
    <subfield code="a">T.C.742 E87 IA 2017</subfield>
  </datafield>
  <datafield tag="100" ind1=" " ind2=" ">
    <subfield code="a">Espejel Zaragoza</subfield>
    <subfield code="9">155018</subfield>
  </datafield>
  <datafield tag="260" ind1=" " ind2=" ">
    <subfield code="a">M&#xE9;xico  :</subfield>
    <subfield code="b">El autor,</subfield>
    <subfield code="c">alie</subfield>
  </datafield>
  <datafield tag="300" ind1=" " ind2=" ">
    <subfield code="a">277 h.</subfield>
  </datafield>
  <datafield tag="500" ind1=" " ind2=" ">
    <subfield code="a">El CD contiene reporte</subfield>
  </datafield>
  <datafield tag="502" ind1=" " ind2=" ">
    <subfield code="a">Viaje de Estuidos (IA) -- UACh. Departamento de Ingenier&#xED;a Agroindustrial</subfield>
  </datafield>
  <datafield tag="901" ind1=" " ind2=" ">
    <subfield code="a">S.A. de C.V. \ 4. Centro de Servicio Integral para el Desarrollo de las Ganader&#xED;as Altas Norte</subfield>
  </datafield>
  <datafield tag="902" ind1=" " ind2=" ">
    <subfield code="a">S. de P. R. de R. L. \ 5. Apiarios FAMA</subfield>
  </datafield>
  <datafield tag="903" ind1=" " ind2=" ">
    <subfield code="a">S. R. M. I. de C. V. \ 6. AGROIN</subfield>
  </datafield>
  <datafield tag="904" ind1=" " ind2=" ">
    <subfield code="a">alie</subfield>
  </datafield>
  <datafield tag="942" ind1=" " ind2=" ">
    <subfield code="c">Guanajuato y Quer&#xE9;taro llevados a cabo del 25 de enero al 6 de febrero del 2017 / coordinaci&#xF3;n Jos&#xE9; Alfredo Espejel Zaragoza ; colaboraci&#xF3;n H&#xE9;ctor Daniel Camacho Gurrola...[et al.]</subfield>
  </datafield>
  <datafield tag="999" ind1=" " ind2=" ">
    <subfield code="c">186228</subfield>
    <subfield code="d">186228</subfield>
  </datafield>
</record>
